Gestión de compras: negociación y estrategias de aprovisionamiento (Registro nro. 7594)
[ vista simple ]
| 000 -Cabecera | |
|---|---|
| Campo de control de longitud fija | 00840nam a22003257a 4500 |
| 005 - Fecha y hora de la última transacción | |
| Campo de control | 20240315142731.0 |
| 008 - Elementos de longitud fija--Información general | |
| Campo de control de longitud fija | 160202b xxu||||| |||| 00| | spa d |
| 020 ## - International Standard Book Number | |
| Número Internacional Estándar del Libro (ISBN) | 9789587621730 |
| 041 ## - Idioma | |
| Código de idioma | Español |
| 082 ## - Clasificación Decimal Dewey | |
| Número de clasificación | 658.83 M358g5 |
| 100 ## - Entrada principal--Autor personal | |
| Nombre personal | Martínez Moya, Emilio |
| 9 (RLIN) | 2706 |
| 245 ## - Título propiamente dicho | |
| Título | Gestión de compras: negociación y estrategias de aprovisionamiento |
| 250 ## - Edición | |
| Mención de edición | 5 edición |
| 260 ## - Pie de imprenta | |
| Lugar de publicación, distribución, etc. | Colombia |
| 260 ## - Pie de imprenta | |
| Nombre del editor, distribuidor, etc. | Ediciones de la U |
| 260 ## - Pie de imprenta | |
| Fecha de publicación, distribución, etc. | 2013 |
| 300 ## - Descripción física | |
| Extensión | 220 páginas |
| 650 ## - Materia general | |
| Temática (materia general) | GESTIÓN DE COMPRAS |
| 650 ## - Materia general | |
| Temática (materia general) | HISTORIA |
| 650 ## - Materia general | |
| Temática (materia general) | PROVEEDORES |
| 650 ## - Materia general | |
| Temática (materia general) | MÉTODOS CUALITATIVOS |
| 650 ## - Materia general | |
| Temática (materia general) | CONTROL DE CALIDAD |
| 650 ## - Materia general | |
| Temática (materia general) | NEGOCIACIÓN |
| 650 ## - Materia general | |
| Temática (materia general) | ASPECTOS LEGALES |
| 650 ## - Materia general | |
| Temática (materia general) | COMPRA DE MAQUINARIA |
| 650 ## - Materia general | |
| Temática (materia general) | SISTEMA VOLKSWAGEN |
| 942 ## - Punto de acceso adicional KOHA | |
| Tipo de ítem KOHA | Libro |
| Fuente del sistema de clasificación o colocación | Dewey Decimal Classification |
| Signatura completa | Código de barras | Programa Académico | Tipo de ítem |
|---|---|---|---|
| 658.83 M358g5 | 20221 | Libro | |
| 658.83 M358g5 | 20222 | Libro | |
| 658.83 M358g5 | 20223 | Libro |